Normal view MARC view
  • Hanff, Helene

Entry Nombre Personal

Number of records used in: 1

001 - NUMERO DE CONTROL

  • campo de control: 44530

003 - IDENTIFICADOR DE NUMERO DE CONTROL

  • campo de control: DLC

005 - FECHA Y HORA DE LA ÜLTIMA TRANSACCIÓN

  • campo de control: 20220524180454.0

008 - DATOS DE LONGITUD FIJA

  • campo de control de longitud fija: 800423n| azannaabn |n aaa

010 ## - NÚMERO DE CONTROL DE LA BIBLIOTECA DEL CONGRESO

  • Número de control LC: n 50017710

035 ## - NUMERO DE CONTROL

  • Número de control: (OCoLC)oca00053158

040 ## - FUENTE DE CATALOGACIÓN

  • Agencia original de catalogación: DLC
  • Lenguaje de catalogación: eng
  • Agencia de transcripción: DLC
  • Description conventions: rda
  • Agencia que lo modifica: DLC
  • Agencia que lo modifica: MnHi
  • Agencia que lo modifica: OCoLC
  • Agencia que lo modifica: DLC
  • Agencia que lo modifica: MX-MxUPN

046 ## - FECHAS CON CODIFICACIÓN ESPECIAL

  • Fecha de nacimiento: 1916-04-15
  • Fecha de muerte: 1997-04-09
  • Fuente del formato de fecha: edtf

053 #4 - NÚMERO DE CLASIFICACIÓN LC

  • Número de control de registro de autoridad o número estándar: PS3515 A6.4

100 1# - ENCABEZAMIENTO - NOMBRE PERSONAL

  • Nombre personal: Hanff, Helene

670 ## - FUENTE EN LA QUE SE LOCALIZARON DATOS

  • Cita de la fuente: Signing of the Constitution, 1961.

670 ## - FUENTE EN LA QUE SE LOCALIZARON DATOS

  • Cita de la fuente: The times, Internet ed., 11 Abril. 1997
  • Información localizada: (Helene Hanff; d. Apr. 9, [1997]; b. Apr. 15, 1916)

670 ## - FUENTE EN LA QUE SE LOCALIZARON DATOS

  • Cita de la fuente: 84, Charing cross road, 2002:
  • Información localizada: solapa (Helene Hanff -Filadelfia, 1918-Nueva York, 1997-)

902 ## - CATALOGADOR

  • Catalogador: VAGG/240522